महा-परिवर्तन : (Record no. 116948)
[ view plain ]
| 000 -LEADER | |
|---|---|
| fixed length control field | 01271nam a22002897a 4500 |
| 003 - CONTROL NUMBER IDENTIFIER | |
| control field | 0 |
| 005 - DATE AND TIME OF LATEST TRANSACTION | |
| control field | 20190404131628.0 |
| 008 - FIXED-LENGTH DATA ELEMENTS--GENERAL INFORMATION | |
| fixed length control field | 0 |
| 010 ## - LIBRARY OF CONGRESS CONTROL NUMBER | |
| LC control number | B-075790 |
| 020 ## - INTERNATIONAL STANDARD BOOK NUMBER | |
| Terms of availability | 275.00 |
| International Standard Book Number | 8171451668 |
| 035 ## - SYSTEM CONTROL NUMBER | |
| System control number | B-075790,B-075791, B-075794 |
| 037 ## - SOURCE OF ACQUISITION | |
| Source of stock number/acquisition | Cen Lib/Ret |
| 040 ## - CATALOGING SOURCE | |
| Original cataloging agency | DPL |
| Language of cataloging | HN |
| Transcribing agency | 0 |
| 082 ## - DEWEY DECIMAL CLASSIFICATION NUMBER | |
| Classification number | उ |
| Item number | अग्रवा |
| 100 ## - MAIN ENTRY--PERSONAL NAME | |
| Personal name | अग्रवाल, राधारमण |
| 9 (RLIN) | 42466 |
| 245 ## - TITLE STATEMENT | |
| Title | महा-परिवर्तन : |
| Statement of responsibility, etc | राधारमण अग्रवाल |
| Remainder of title | अंधकार से निकलें-प्रकाश की ओर बढ़ें / |
| 246 ## - VARYING FORM OF TITLE | |
| Title proper/short title | Maha-parivartan : andhkar se niklen-prakash ki or badhen / |
| Remainder of title | by Radharaman Agarwal |
| 260 ## - PUBLICATION, DISTRIBUTION, ETC. (IMPRINT) | |
| Place of publication, distribution, etc | दिल्ली |
| Name of publisher, distributor, etc | सन्मार्ग प्रकाशन |
| Date of publication, distribution, etc | 2001 |
| 270 ## - ADDRESS | |
| Address | 16, यू.बी.बैंगलो रोड, जवाहर नगर |
| City | दिल्ली |
| Postal code | 110007 |
| 300 ## - PHYSICAL DESCRIPTION | |
| Extent | 283पृ. |
| Dimensions | 20सेमी(सजिल्द ) |
| 500 ## - GENERAL NOTE | |
| General note | संदर्भ शामिल |
| 650 ## - SUBJECT ADDED ENTRY--TOPICAL TERM | |
| Topical term or geographic name as entry element | हिंदी साहित्य |
| General subdivision | |
| Geographic subdivision | |
| 9 (RLIN) | 69180 |
| 650 ## - SUBJECT ADDED ENTRY--TOPICAL TERM | |
| Topical term or geographic name as entry element | हिंदी उपन्यास |
| 9 (RLIN) | 69181 |
| 650 ## - SUBJECT ADDED ENTRY--TOPICAL TERM | |
| Topical term or geographic name as entry element | Hindi literature |
| Form subdivision | |
| 9 (RLIN) | 69182 |
| 650 ## - SUBJECT ADDED ENTRY--TOPICAL TERM | |
| Topical term or geographic name as entry element | Hindi fiction |
| 9 (RLIN) | 27248 |
| 942 ## - ADDED ENTRY ELEMENTS (KOHA) | |
| Source of classification or shelving scheme | Dewey Decimal Classification |
| Koha item type | Hindi Books |
| Classification part | उ |
| Call number suffix | अग्रवा |
| Withdrawn status | Lost status | Damaged status | Not for loan | Home library | Current library | Date acquired | Source of acquisition | Cost, normal purchase price | Total Checkouts | Full call number | Barcode | Date last seen | Date checked out | Copy number | Cost, replacement price | Price effective from | Koha item type | Source of classification or shelving scheme | Collection code |
|---|---|---|---|---|---|---|---|---|---|---|---|---|---|---|---|---|---|---|---|
| Central Library | Central Library | 26/08/2015 | Cen Lib/Ret | 275.00 | 1 | उ अग्रवा | B-075790 | 10/05/2019 | 02/05/2019 | 1 | 275.00 | 26/08/2015 | Hindi Books | ||||||
| Patel Nagar | Patel Nagar | 27/09/2018 | BPPD/PUB | 275.00 | 1 | उ अग्रवा | B-075791 | 14/01/2019 | 31/12/2018 | 275.00 | 27/09/2018 | Hindi Books | Dewey Decimal Classification | Fiction | |||||
| Shahdara Branch | Shahdara Branch | 04/04/2019 | BPPD/PUB | 275.00 | उ अग्रवा | B-075794 | 04/04/2019 | 275.00 | 04/04/2019 | Hindi Books | Dewey Decimal Classification | Fiction |
